Tamboril. Lengua española. Segundo curso. Guía didáctica

Gespeichert in:
Bibliographische Detailangaben
Format: keine Angabe
Sprache:Spanisch
Erschienen: Madrid Bruño 1967
Katalog:MANES:  Suchergebnis im Bibliothekskatalog
Schulbuchspezifische Eigenschaften:
Tags: Tag hinzufügen
Keine Tags, Fügen Sie den ersten Tag hinzu!
Hinzugefügt zu:26.04.2016
Geändert in:20.11.2024

MARC

LEADER 000000000a22000000004500
001 00928
003 OSt
005 20241121020104.0
008 160427s sp ||||| |||| 00| 0 spa d
040 |c centro_manes 
041 1 |a spa 
691 7 |a PRI 
245 0 0 |a Tamboril. Lengua española. Segundo curso. Guía didáctica 
260 3 |a Madrid  |b Bruño  |c 1967 
300 |a 40 p.  |c 21x15 cm 
690 0 |a LEN 
942 |2 ddc  |c BK 
546 |a España 
999 |c 6902  |d 6902 
999 |c manes:6902  |d 6902